000 00873nam a2200289Ia 4500
003 OSt
005 20220912151457.0
006 a|||||r|||| 00| 0
007 ta
008 220909b |||||||| |||| 00| 0 eng d
024 _a33519
037 _cTextual
040 _aCSL
_beng
_cCSL
041 _aeng
082 _aC9D8,6:212p1,N92, N2
100 _aChu C W Ed.
111 _aInternational conference on his materials bulk processing bulk (1992 : Houston)
245 0 _aProceeding on his materials bulk processing bulk applications
260 _aSingapore
_bWorld Scentific
_c1992
300 _a550p.
_ccm.
650 _a High temperature
650 _aPhysics
700 _a Chu W K Ed.
700 _a Hor P H Ed.
942 _hC9D8,6:212p1,N92, N2
_cTEXL
_2CC
999 _c69419
_d69419